[Event "Panevezys op-A 26th"]
[Site "Panevezys"]
[Date "2013.08.12"]
[Round "1"]
[White "Laurusas, Tomas"]
[Black "Vanagas, Tadas"]
[Result "1-0"]
[WhiteElo "2377"]
[BlackElo "2107"]
[PlyCount "75"]
[EventDate "2013.08.12"]
[EventType "swiss"]
[EventRounds "9"]
[EventCountry "LTU"]
[SourceTitle "CBM 155 Extra"]
[Source "ChessBase"]
[SourceDate "2013.08.26"]
[SourceVersion "1"]
[SourceVersionDate "2013.08.26"]
[SourceQuality "1"]

1. Nf3 Nf6 2. c4 c6 3. b3 d5 4. Bb2 Bf5 5. d3 e6 6. Nbd2 Nbd7 7. g3 Bc5 8. Bg2 0-0 9. 0-0 Qe7 10. a3 a5 11. h3 Rfe8 12. Re1 e5 13. e4 dxe4 14. dxe4 Bg6 15. Ra2 Rad8 16. Qa1 Bd6 17. Nh4 Nc5 18. Nxg6 hxg6 19. Qb1 Ne6 20. Nf3 Qc7 21. Bc3 c5 22. Bf1 Nd4 23. Nxd4 exd4 24. Bd2 Nh5 25. Qd3 f6 26. Bg2 g5 27. Bf3 Qf7 28. e5 Bxe5 29. Be4 f5 30. Bxf5 Rd6 31. Bxg5 g6 32. Be4 Kg7 33. Bd5 Rxd5 34. cxd5 Bf6 35. Rxe8 Qxe8 36. Re2 Qd7 37. Bd2 Qxh3 38. Qb5 1-0

[Event "LTU-ch U18"]
[Site "Panevezys"]
[Date "2013.03.27"]
[Round "7"]
[White "Tvarijonas, Tomas"]
[Black "Vanagas, Tadas"]
[Result "1-0"]
[WhiteElo "2104"]
[BlackElo "2094"]
[PlyCount "97"]
[EventDate "2013.03.23"]
[EventType "swiss"]
[EventRounds "7"]
[EventCountry "LTU"]
[SourceTitle "CBM 153 Extra"]
[Source "ChessBase"]
[SourceDate "2013.04.22"]
[SourceVersion "1"]
[SourceVersionDate "2013.04.22"]
[SourceQuality "1"]

1. e4 c5 2. Nf3 e6 3. d4 cxd4 4. Nxd4 a6 5. Bd3 Qc7 6. Qe2 Nc6 7. Nxc6 dxc6 8. 0-0 e5 9. a4 a5 10. Kh1 Nf6 11. Na3 Bc5 12. f4 Bg4 13. Qe1 exf4 14. Bxf4 Qe7 15. Qh4 Be6 16. Bg5 Bd4 17. c3 Be5 18. Bc4 0-0-0 19. Bf4 Qd6 20. Bxe6+ Qxe6 21. Bxe5 Qxe5 22. Rae1 Qe6 23. h3 Nd7 24. Qg5 Ne5 25. Qxg7 Rdg8 26. Qf6 Qxf6 27. Rxf6 Rd8 28. Rf5 Rhe8 29. Re2 Re7 30. Kh2 b6 31. Rh5 Nd3 32. Rxh7 Nc5 33. Nc4 Kc7 34. e5 Rdd7 35. g4 Nxa4 36. g5 Nc5 37. h4 Nd3 38. Kg3 a4 39. Rg7 b5 40. Nd6 Rxe5 41. Rxe5 Nxe5 42. Ne4 Nc4 43. Nc5 Rd1 44. Rxf7+ Kd6 45. Rd7+ Kxc5 46. Rxd1 Nxb2 47. Ra1 Kd6 48. g6 Ke7 49. Rf1 1-0